| 000 | 00749nam a2200217 i 4500 | ||
|---|---|---|---|
| 001 | 146436 | ||
| 003 | ES-MaACL | ||
| 005 | 20250830062953.0 | ||
| 007 | t| | ||
| 008 | 070910s1974 sp ||||1| spa d | ||
| 100 | 1 |
_aTresmontant, Claude. _9111328 |
|
| 245 | 1 | 4 |
_aLos problemas del ateismo / _cClaude Tresmontnant ; [versión de Francisco Herrero]. |
| 260 |
_aBarcelona : _bHerder, _c1974. |
||
| 300 |
_a454 p. ; _c22 cm. |
||
| 490 | 1 |
_aBiblioteca Herder. Sección de teología y filosofía ; _v141 |
|
| 650 | 0 | 7 |
_aAteísmo _2embne _910395 |
| 700 | 1 |
_aHerrero, Francisco. _963264 |
|
| 830 | 0 | 0 |
_aBiblioteca Herder. _pSección de teología y filosofía _v141 _9182106 |
| 852 |
_aES-MaACL _jE-6298 _bR.90514 |
||
| 999 |
_c146436 _d146436 |
||